|
003 -Nazwa inst., której nr kontr. jest w polu 001 [,]
|
-
- @
- Nazwa instytucji, której n kontrolny jest w polu 001
- NUKAT
|
|
005 -DATA I CZAS OSTATNIEJ MODYFIKACJI [,]
|
-
- @
- pole kontrolne
- 20241231100610.0
|
|
020 -Międzynarod. znormalizowany nr książki - ISBN [ , ]
|
-
- a
- Numer ISBN
- 838652359X
|
|
040 -Instytucja sporządzająca opis [ , ]
|
-
- a
- Instytucja, która sporządziła opis (NP)
- WA U/JS
-
- c
- Instytucja, która sporządziła rekord (NP)
- WA U/JS
-
- d
- Instytucja, która zmodyfikowała rekord (P)
- WA U/JL
-
- d
- Instytucja, która zmodyfikowała rekord (P)
- WA N/PBrw
-
- d
- Instytucja, która zmodyfikowała rekord (P)
- WA N/PBbps
-
- d
- Instytucja, która zmodyfikowała rekord (P)
- WA N/PBjhs
|
|
041 -Język dokumentu [0, ]
|
-
- a
- Język tekstu (P)
- polski
-
- a
- Język tekstu (P)
- niemiecki
-
- b
- Język streszczeń lub abstraktu (P)
- angielski
-
- b
- Język streszczeń lub abstraktu (P)
- niemiecki
-
- b
- Język streszczeń lub abstraktu (P)
- polski
-
- b
- Język streszczeń lub abstraktu (P)
- rosyjski
|
|
942 -Rodzaj dokumentu [ , ]
|
-
- c
- Rodzaj dokumentu
- Książka
|